| 000 | 00803nam a2200217 i 4500 | ||
|---|---|---|---|
| 001 | 101536 | ||
| 003 | ES-MaACL | ||
| 005 | 20250402175001.0 | ||
| 007 | t| | ||
| 008 | 051020s1955 sp a ||||1| spa d | ||
| 080 | _a946"19"(093.32) | ||
| 245 | 0 | 0 |
_aMedio siglo en la colección de ABC _b: florilegio de grandes episodios y pequeñas anécdotas, 1905-1955 / _cprólogo de Torcuato Luca de Tena [dirigido por... Pedro Rocamora Valls]. |
| 260 |
_aMadrid : _bPrensa Española, _c1955. |
||
| 300 |
_a414 p. : _bil. ; _c30 cm. |
||
| 651 | 4 |
_aEspaña- _xHistoria- _yS.XX- _vFuentes. _98364 |
|
| 700 | 1 |
_aLuca de Tena, Torcuato, _d1923-1999 _974516 |
|
| 700 | 1 |
_aRocamora, Pedro, _d1910-1993 _9156813 |
|
| 710 | 2 |
_aDiario ABC. _91137 |
|
| 852 |
_aES-MaACL _jA-3239 |
||
| 999 |
_c101536 _d101536 |
||